[Event "Dresden ZMD op-C 21th"]
[Site "Dresden"]
[Date "2012.08.26"]
[Round "9"]
[White "Priese, Annika"]
[Black "Mittelstaedt, Ewald"]
[Result "1-0"]
[WhiteElo "1565"]
[BlackElo "1384"]
[PlyCount "83"]
[EventDate "2012.08.18"]
[EventType "swiss"]
[EventRounds "9"]
[EventCountry "GER"]
[SourceTitle "CBM 150 Extra"]
[Source "ChessBase"]
[SourceDate "2012.10.19"]
[SourceVersion "1"]
[SourceVersionDate "2012.10.19"]
[SourceQuality "1"]

1. e4 d6 2. d4 c6 3. Nf3 Bg4 4. Be2 e6 5. Nc3 Be7 6. Be3 Nf6 7. Qd2 Nbd7 8. 0-0-0 d5 9. e5 Ne4 10. Nxe4 dxe4 11. Ng1 Bxe2 12. Nxe2 f5 13. h3 Nb6 14. Nf4 Qd7 15. Qe2 Nd5 16. Qh5+ Kd8 17. Qf7 Nxf4 18. Bxf4 g6 19. Qg7 Kc7 20. g4 Rag8 21. Qh6 g5 22. Bd2 Rg6 23. Qh5 f4 24. h4 Qxd4 25. Ba5+ Qb6 26. Bxb6+ axb6 27. hxg5 Bxg5 28. Qh3 h6 29. Kb1 Rd8 30. Rxd8 Kxd8 31. Rd1+ Kc7 32. Qh5 Rg7 33. Qe8 e3 34. fxe3 fxe3 35. Qxe6 b5 36. Qd6+ Kb6 37. Re1 Rf7 38. Qd4+ Ka6 39. a3 Rf2 40. Rxe3 Rf4 41. Re4 Rf2 42. Qxf2 1-0

[Event "Dresden ZMD op-C 21th"]
[Site "Dresden"]
[Date "2012.08.23"]
[Round "6"]
[White "Lukasser, Franz"]
[Black "Priese, Annika"]
[Result "1/2-1/2"]
[WhiteElo "1535"]
[BlackElo "1565"]
[PlyCount "62"]
[EventDate "2012.08.18"]
[EventType "swiss"]
[EventRounds "9"]
[EventCountry "GER"]
[SourceTitle "CBM 150 Extra"]
[Source "ChessBase"]
[SourceDate "2012.10.19"]
[SourceVersion "1"]
[SourceVersionDate "2012.10.19"]
[SourceQuality "1"]

1. d4 d5 2. c4 c6 3. cxd5 cxd5 4. Nc3 Nf6 5. Nf3 Bf5 6. e3 Nc6 7. Bb5 Rc8 8. Qa4 Qb6 9. 0-0 a6 10. Be2 e6 11. Nh4 Bg4 12. Bxg4 Nxg4 13. h3 Nf6 14. Rb1 Bb4 15. Bd2 0-0 16. a3 Bxc3 17. Bxc3 Ne4 18. Rfc1 Nxc3 19. Rxc3 Na5 20. Rbc1 Rxc3 21. Rxc3 Nc4 22. b3 Nd6 23. Nf3 Rd8 24. Ne5 h6 25. b4 Ne4 26. Rc2 Nd6 27. Qb3 Rc8 28. Rxc8+ Nxc8 29. Qa4 Qd8 30. Qc2 Nd6 31. f3 Qb6 1/2-1/2

[Event "GER-ch U12"]
[Site "Willingen"]
[Date "2009.06.06"]
[Round "11"]
[White "Groening, Finn Jonathan"]
[Black "Priese, Annika"]
[Result "1-0"]
[WhiteElo "1513"]
[BlackElo "1446"]
[PlyCount "63"]
[EventDate "2009.05.30"]
[EventType "swiss"]
[EventRounds "11"]
[EventCountry "GER"]
[SourceTitle "EXT 2010"]
[Source "ChessBase"]
[SourceDate "2010.11.25"]
[SourceVersion "1"]
[SourceVersionDate "2010.11.25"]
[SourceQuality "1"]

1. e4 c5 2. Nf3 e6 3. d4 cxd4 4. Nxd4 a6 5. Be3 Qc7 6. Nc3 Nf6 7. Be2 d6 8. 0-0 Nbd7 9. Kh1 b5 10. a3 Bb7 11. f3 Be7 12. Nb3 0-0 13. Qd2 d5 14. Rfd1 Rad8 15. Bd3 Bd6 16. g3 Ne5 17. Qe2 h5 18. Bg5 Ng6 19. Bxf6 gxf6 20. exd5 exd5 21. Bxg6 fxg6 22. Nxd5 Qf7 23. Nc3 Rfe8 24. Qf2 Qc4 25. Rd3 Bf8 26. Rad1 Rc8 27. Qb6 Ba8 28. Qxf6 Qg4 29. Kg1 Qh3 30. Qxg6+ Kh8 31. Rd7 Be7 32. Qf7 1-0

[Event "GER-ch U12"]
[Site "Willingen"]
[Date "2009.06.05"]
[Round "9"]
[White "Senf, Paul"]
[Black "Priese, Annika"]
[Result "1-0"]
[WhiteElo "1330"]
[BlackElo "1446"]
[PlyCount "55"]
[EventDate "2009.05.30"]
[EventType "swiss"]
[EventRounds "11"]
[EventCountry "GER"]
[SourceTitle "EXT 2010"]
[Source "ChessBase"]
[SourceDate "2010.11.25"]
[SourceVersion "1"]
[SourceVersionDate "2010.11.25"]
[SourceQuality "1"]

1. e4 c5 2. Nf3 d6 3. d4 cxd4 4. Nxd4 Nf6 5. Nc3 a6 6. Bg5 e6 7. f4 Nbd7 8. Qf3 Be7 9. 0-0-0 h6 10. Bxf6 Bxf6 11. g4 Qb6 12. Nb3 Nc5 13. h4 Rg8 14. Bg2 Be7 15. f5 a5 16. Rdf1 Bf6 17. Rh3 a4 18. Nxc5 Qxc5 19. Qd3 Ra6 20. Rd1 a3 21. b3 Rc6 22. e5 Bxe5 23. Bxc6+ Qxc6 24. Kb1 Ke7 25. Re3 Qc5 26. Na4 Qa5 27. c3 Qc7 28. c4 1-0

[Event "GER-ch U12"]
[Site "Willingen"]
[Date "2009.05.31"]
[Round "2"]
[White "Bluhm, Sonja Maria"]
[Black "Priese, Annika"]
[Result "1-0"]
[WhiteElo "1714"]
[BlackElo "1446"]
[PlyCount "111"]
[EventDate "2009.05.30"]
[EventType "swiss"]
[EventRounds "11"]
[EventCountry "GER"]
[SourceTitle "EXT 2010"]
[Source "ChessBase"]
[SourceDate "2010.11.25"]
[SourceVersion "1"]
[SourceVersionDate "2010.11.25"]
[SourceQuality "1"]

1. e4 c5 2. Nf3 d6 3. d4 cxd4 4. Nxd4 Nf6 5. Nc3 a6 6. Bg5 Nbd7 7. Qd2 e5 8. Nf5 Nc5 9. f3 g6 10. Nd5 Ncd7 11. Nfe3 Bg7 12. 0-0-0 0-0 13. Ng4 b5 14. Ndxf6+ Nxf6 15. Nxf6+ Bxf6 16. Bxf6 Qxf6 17. Qxd6 Be6 18. Qd2 Rfc8 19. a3 Bb3 20. Bd3 Ba2 21. Rdf1 Qc6 22. Qb4 Be6 23. g4 Ra7 24. Kb1 Rac7 25. h4 Bc4 26. Rc1 Qd7 27. Rhd1 Qe6 28. h5 Qf6 29. Bxc4 Rxc4 30. Qb3 Qc6 31. Qd3 Rd4 32. Qb3 Rc4 33. Rd5 Kg7 34. Rxe5 Qf6 35. Rd5 Qe6 36. Qe3 Qc6 37. h6+ Kg8 38. Qd3 Kf8 39. Rd8+ Rxd8 40. Qxd8+ Qe8 41. Rd1 Rc8 42. Qxe8+ Kxe8 43. Rd6 Ra8 44. Rb6 Kd7 45. Kc1 Ke7 46. f4 Ra7 47. f5 g5 48. e5 Ra8 49. b3 Kf8 50. a4 bxa4 51. bxa4 a5 52. Rb5 Ke7 53. Kb2 Kd7 54. c4 Kc6 55. Kc3 Kd7 56. c5 1-0

[Event "GER-ch U12"]
[Site "Willingen"]
[Date "2008.05.17"]
[Round "11"]
[White "Michels, Kim"]
[Black "Priese, Annika"]
[Result "1-0"]
[WhiteElo "926"]
[BlackElo "1256"]
[PlyCount "65"]
[EventDate "2008.05.11"]
[EventType "swiss"]
[EventRounds "11"]
[EventCountry "GER"]
[SourceTitle "CBM 124 Extra"]
[Source "ChessBase"]
[SourceDate "2008.07.03"]
[SourceVersion "1"]
[SourceVersionDate "2008.07.03"]
[SourceQuality "1"]

1. e4 c5 2. d4 cxd4 3. c3 d3 4. Bxd3 Nc6 5. Nf3 d6 6. 0-0 Nf6 7. h3 g6 8. Be3 Bg7 9. Nbd2 0-0 10. Nd4 Bd7 11. f4 Rc8 12. N2f3 Na5 13. Qe2 Nh5 14. Rfc1 Ng3 15. Qe1 Nh5 16. b3 Nf6 17. Qh4 Nc6 18. f5 Qc7 19. Bh6 Rfe8 20. Rf1 Nxd4 21. cxd4 Qc3 22. Rad1 Nh5 23. Qg5 Qb2 24. Rd2 Qc3 25. Bc4 Kf8 26. fxg6 hxg6 27. e5 Bf5 28. Nh4 Be4 29. Rxf7+ Kg8 30. Rxg7+ Kh8 31. Nxg6+ Bxg6 32. Qxg6 Nxg7 33. Qxg7# 1-0

[Event "GER-ch U12"]
[Site "Willingen"]
[Date "2008.05.16"]
[Round "10"]
[White "Priese, Annika"]
[Black "Duchow, Julien"]
[Result "0-1"]
[WhiteElo "1256"]
[BlackElo "1303"]
[PlyCount "100"]
[EventDate "2008.05.11"]
[EventType "swiss"]
[EventRounds "11"]
[EventCountry "GER"]
[SourceTitle "CBM 124 Extra"]
[Source "ChessBase"]
[SourceDate "2008.07.03"]
[SourceVersion "1"]
[SourceVersionDate "2008.07.03"]
[SourceQuality "1"]

1. e4 c5 2. Nf3 Nc6 3. d4 cxd4 4. Nxd4 g6 5. Nc3 Bg7 6. Be3 Nf6 7. Bc4 0-0 8. f3 Qb6 9. Bb3 Ng4 10. fxg4 Nxd4 11. Qd2 Nxb3 12. cxb3 Qb4 13. Qd3 d6 14. h3 Bd7 15. 0-0 Bc6 16. Qc4 Qxc4 17. bxc4 Bd7 18. Rfe1 Bxc3 19. bxc3 Rfc8 20. Bd4 e5 21. Be3 Rxc4 22. Bd2 Bc6 23. Re3 Rxe4 24. Rd3 d5 25. Rf1 Bb5 26. Rxd5 Bxf1 27. Kxf1 Ra4 28. Rxe5 Rxa2 29. Bg5 Kg7 30. Re7 Rb2 31. c4 a5 32. Bf4 Rc2 33. Rc7 Rd8 34. Bg3 Rd1+ 35. Be1 Rcc1 36. Re7 Kf6 37. Re2 a4 38. Kf2 Rxe1 39. Rxe1 Rxe1 40. Kxe1 a3 41. Kd2 a2 42. Kd3 a1Q 43. Ke4 Qc3 44. Kf4 Qxc4+ 45. Kg3 g5 46. Kh2 Ke5 47. Kg3 Qd3+ 48. Kf2 Kf4 49. Ke1 Ke3 50. g3 Qe2# 0-1

[Event "GER-ch U10"]
[Site "Willingen"]
[Date "2006.06.09"]
[Round "10"]
[White "Priese, Annika"]
[Black "Schreiber, Justina"]
[Result "0-1"]
[WhiteElo "1000"]
[BlackElo "855"]
[PlyCount "118"]
[EventDate "2006.06.04"]
[EventType "swiss"]
[EventRounds "11"]
[EventCountry "GER"]
[SourceTitle "EXT 2007"]
[Source "ChessBase"]
[SourceDate "2006.11.23"]
[SourceVersion "1"]
[SourceVersionDate "2006.11.23"]
[SourceQuality "1"]

1. e4 d5 2. exd5 Qxd5 3. Nc3 Qa5 4. Bc4 Nf6 5. d3 Bf5 6. h3 e6 7. g4 Bg6 8. f4 Bd6 9. Bd2 c6 10. Qe2 0-0 11. Nd5 Qd8 12. Nc3 Re8 13. 0-0-0 b5 14. Bb3 a5 15. a3 a4 16. Ba2 Nbd7 17. Qf3 Qb6 18. Re1 b4 19. axb4 Bxb4 20. f5 exf5 21. gxf5 Bh5 22. Qg3 Rxe1+ 23. Bxe1 Bxc3 24. Bxc3 Rb8 25. h4 Qc5 26. Nh3 Qxf5 27. Rg1 Qg4 28. Qxg4 Nxg4 29. Nf4 g6 30. Nxh5 gxh5 31. Rf1 Nge5 32. Bxe5 Nxe5 33. Rf5 Rb5 34. Rf4 Ra5 35. Kd2 Kf8 36. Kc3 c5 37. Re4 f6 38. d4 cxd4+ 39. Kxd4 a3 40. b4 Ra4 41. Kc5 Ra8 42. Rd4 Rc8+ 43. Kb6 Rxc2 44. Bb3 Rb2 45. Be6 a2 46. Bxa2 Rxa2 47. b5 Ke7 48. Kc7 Rc2+ 49. Kb7 Rb2 50. b6 f5 51. Kc7 Rc2+ 52. Kb8 Nc6+ 53. Kb7 Nxd4 54. Ka7 Rb2 55. Kb7 f4 56. Kc7 Rxb6 57. Kxb6 f3 58. Kc5 f2 59. Kxd4 f1Q 0-1

[Event "GER-ch U10"]
[Site "Willingen"]
[Date "2006.06.06"]
[Round "6"]
[White "Rahimi, Anita"]
[Black "Priese, Annika"]
[Result "0-1"]
[WhiteElo "849"]
[BlackElo "1000"]
[PlyCount "72"]
[EventDate "2006.06.04"]
[EventType "swiss"]
[EventRounds "11"]
[EventCountry "GER"]
[SourceTitle "EXT 2007"]
[Source "ChessBase"]
[SourceDate "2006.11.23"]
[SourceVersion "1"]
[SourceVersionDate "2006.11.23"]
[SourceQuality "1"]

1. e4 c5 2. f4 Nc6 3. Nf3 d6 4. Nc3 Nf6 5. Bc4 e6 6. d3 Be7 7. Bd2 a6 8. a3 b5 9. Ba2 Bb7 10. 0-0 0-0 11. h3 Qc7 12. Kh1 Rad8 13. Qe2 Nh5 14. Qf2 Nf6 15. Rae1 d5 16. exd5 exd5 17. Qg3 Bc8 18. Qh4 Ne4 19. Ng5 Bxg5 20. fxg5 Ng3+ 21. Kg1 Nxf1 22. Rxf1 c4 23. d4 Rde8 24. Nxd5 Qd6 25. Nc3 Nxd4 26. Bb1 Ne2+ 27. Nxe2 Rxe2 28. Bb4 Qc6 29. Qg3 Rfe8 30. Bc3 Bb7 31. Rf2 Rxf2 32. Qxf2 Rd8 33. Ba2 Rd1+ 34. Kh2 Qc7+ 35. g3 Qc6 36. b3 Qh1# 0-1

[Event "GER-ch U10"]
[Site "Willingen"]
[Date "2006.06.04"]
[Round "1"]
[White "Priese, Annika"]
[Black "Eigemann, Frederik"]
[Result "1-0"]
[WhiteElo "1000"]
[BlackElo "1372"]
[PlyCount "120"]
[EventDate "2006.06.04"]
[EventType "swiss"]
[EventRounds "11"]
[EventCountry "GER"]
[SourceTitle "EXT 2007"]
[Source "ChessBase"]
[SourceDate "2006.11.23"]
[SourceVersion "1"]
[SourceVersionDate "2006.11.23"]
[SourceQuality "1"]

1. e4 e5 2. Bc4 Nf6 3. d3 Bc5 4. Nf3 d6 5. c3 Nc6 6. Bg5 h6 7. Be3 Bb6 8. Nbd2 Na5 9. Bb5+ Bd7 10. Bxd7+ Qxd7 11. Qc2 0-0 12. 0-0-0 Ng4 13. Nf1 Qe6 14. Kb1 Rfd8 15. h3 Nxe3 16. Nxe3 Nc6 17. g4 Qf6 18. Qe2 Ne7 19. h4 Qe6 20. h5 Bxe3 21. Qxe3 Qxg4 22. Rdg1 Qe6 23. Rg2 Kh8 24. Rhg1 Rg8 25. Nh4 a6 26. Qf3 Qf6 27. Qh3 Qe6 28. Rg4 a5 29. Qg3 Qf6 30. Nf5 Nxf5 31. exf5 Ra6 32. Qf3 b6 33. Qb7 Raa8 34. Qxc7 Qxf5 35. Qxd6 Qf6 36. Qd5 Rad8 37. Qe4 Qd6 38. Kc1 Qe6 39. Qg2 Qf6 40. Qg3 Rd6 41. f4 exf4 42. Rxf4 Qe6 43. Kd2 g6 44. hxg6 Rxg6 45. Qh2 Rxg1 46. Qxg1 Qxa2 47. Rc4 Qxc4 48. Qe3 Qe6 49. Qf3 Qd5 50. Qe3 Qg5 51. Qxg5 hxg5 52. Ke3 Kg7 53. Ke4 g4 54. Kf4 f5 55. d4 b5 56. Ke5 Ra6 57. d5 g3 58. d6 g2 59. Ke6 Rxd6+ 60. Kxd6 g1Q 1-0

[Event "GER-ch U10"]
[Site "Willingen"]
[Date "2005.05.15"]
[Round "1"]
[White "Priese, Annika"]
[Black "Schaefer, Daniela"]
[Result "0-1"]
[WhiteElo "915"]
[BlackElo "1233"]
[PlyCount "88"]
[EventDate "2005.05.14"]
[EventType "swiss"]
[EventRounds "11"]
[EventCountry "GER"]
[SourceTitle "CBM 106 Extra"]
[Source "ChessBase"]
[SourceDate "2005.07.01"]
[SourceVersion "1"]
[SourceVersionDate "2005.07.01"]
[SourceQuality "1"]

1. e4 e5 2. Bc4 Nf6 3. Nc3 Nc6 4. Nf3 Bc5 5. d3 d6 6. h3 h6 7. Bd2 Be6 8. Bxe6 fxe6 9. Qe2 Qd7 10. Nb5 a6 11. Nc3 Qf7 12. g4 g5 13. 0-0-0 0-0-0 14. Na4 Ba7 15. Be3 Bxe3+ 16. Qxe3 Kb8 17. a3 Rdf8 18. Rhg1 Nd7 19. Rg3 Qf6 20. Kb1 Rf7 21. b4 Rhf8 22. c4 Qe7 23. c5 Rf6 24. Ne1 Nd4 25. Qc1 Rxf2 26. Rg2 Rxg2 27. Nxg2 Rf2 28. Ne3 Nb3 29. Qc3 Nd4 30. Nc4 Rc2 31. Qe1 b5 32. Na5 Kc8 33. Rc1 Rxc1+ 34. Qxc1 bxa4 35. c6 Nb6 36. Qb2 Qf7 37. b5 axb5 38. Nb7 Qf1+ 39. Ka2 Nxc6 40. Nxd6+ cxd6 41. Qd2 Nd4 42. h4 Nb3 43. Qc2+ Kb7 44. Kb2 Qa1# 0-1

[Event "Sachsen-ch int U08"]
[Site "Sebnitz"]
[Date "2004.10.17"]
[Round "2.11"]
[White "Ruehrmund, Daniel"]
[Black "Priese, Annika"]
[Result "1-0"]
[WhiteElo "1096"]
[BlackElo "723"]
[PlyCount "79"]
[EventDate "2004.10.??"]
[EventType "swiss"]
[EventRounds "9"]
[EventCountry "GER"]
[SourceTitle "EXT 2006"]
[Source "ChessBase"]
[SourceDate "2005.11.24"]
[SourceVersion "1"]
[SourceVersionDate "2005.11.24"]
[SourceQuality "1"]

1. e4 e5 2. Nf3 Nc6 3. d4 Nf6 4. dxe5 Nxe4 5. Bd3 Nc5 6. Bg5 f6 7. exf6 gxf6 8. Qe2+ Be7 9. Bxf6 d6 10. Bxh8 Qd7 11. 0-0 b6 12. Bxh7 Bb7 13. Bf6 0-0-0 14. Bxe7 Nxe7 15. Nc3 Nc6 16. Bd3 Rg8 17. Rfe1 Qg7 18. Nh4 Qg5 19. Bf5+ Nd7 20. Qe6 Rd8 21. Nf3 Qf4 22. Nd5 Nd4 23. Nxf4 Nxe6 24. Nxe6 Rg8 25. Ng7 Kd8 26. Bxd7 Kxd7 27. Nf5 Rf8 28. N5d4 c5 29. Nb3 Kc6 30. Re6 Kd5 31. Rae1 c4 32. Nbd4 a5 33. b3 cxb3 34. axb3 b5 35. Nxb5 a4 36. Rxd6+ Kc5 37. bxa4 Rf4 38. Ree6 Rxa4 39. Re5+ Kc4 40. Rd4# 1-0